000 00814cam a2200277 a 4500
999 _c7614
_d7614
001 7614
003 BD-JhCC
005 20180212122558.0
008 890728r19671960xna 000 j eng d
035 _a(BD-JhCC)7614
040 _aANL
_cANL
_dBD-JhCC
041 _aeng
082 0 4 _a808.831
_bMOR 1960
245 0 0 _aModern short stories /
_ccompiled by A. Lewis Clayfield.
250 _a3rd ed. rev
260 _a[Sydney] :
_bAngus and Robertson,
_c1960, 1967.
300 _a218 p. ;
_c19 cm.
500 _aFirst published in 1960.
500 _aContaining three new Australian stories.
650 0 _aShort stories, English.
650 0 _aShort stories, Australian.
650 0 _aEnglish fiction
_y20th century.
700 1 _aClayfield, A. Lewis
_qAlbert Lewis
942 _2ddc
_cBK